000 00578nam a2200181 4500
010 _aB-058547
020 _a817648265(Set)
035 _aB-058547
037 _bCen Lib / Ret
040 _aDPL
_bEN
082 _a327.540547
_bCHI
100 _aChitkara, M. G.
245 _aKashmir :
_ba tale of partition /
_cby M. G. Chitkara
260 _aNew Delhi
_bAPH Publishing Corporation
_c2002
270 _a5, Ansari Road, Darya Ganj
_bNew Delhi
_e110002
300 _a2 v. (v 1. xxiii, 459 ; v 2. xxxiii, 894p)
_b24Cm(hb)
942 _2ddc
_cEN
_h327.540547
_mCHI
999 _c136629
_d136629